Movies Quiz

Random Movies or Clickable Quiz

Unfortunately, _______ Couldn't Be Here Tonight... Quiz Stats

 Plays Quiz Updated Jan 22, 2018

Challenge
Share
Tweet
Embed
Score 0/26 Timer 06:00
0 Plays Today
% Correct
Marlon Brando
87%
George C. Scott
81.3%
Paul Newman
78.9%
Henry Fonda
78%
Robert De Niro
76.7%
Katharine Hepburn
73.3%
Gary Cooper
72.8%
Laurence Olivier
71.4%
Alec Guinness
69.6%
Elizabeth Taylor
68.4%
Anne Bancroft
62.5%
John Gielgud
55.5%
Vivien Leigh
53.5%
% Correct
Ellen Burstyn
52.6%
Joan Crawford
52.2%
Maggie Smith
51.7%
Michael Caine
50.8%
Goldie Hawn
50.5%
Ingrid Bergman
46.7%
Glenda Jackson
41.2%
Judy Holliday
38.7%
Sophia Loren
36.6%
Alice Brady
35.9%
Jason Robards
34.1%
Melvyn Douglas
33.7%
Kim Hunter
31.9%

You're not logged in!

Compare scores with friends on all Sporcle quizzes.
OR
Log In

You Might Also Like...

Show Comments

Extras

Top Quizzes Today


Score Distribution

Your Account Isn't Verified!

In order to create a playlist on Sporcle, you need to verify the email address you used during registration. Go to your Sporcle Settings to finish the process.

Report this User

Report this user for behavior that violates our Community Guidelines.

Details: